| 000 | 01267nam a2200229 4500 | ||
|---|---|---|---|
| 001 | 0000010710 | ||
| 005 | 20250329165417.0 | ||
| 008 | 180403s2017 000 0 eng d | ||
| 040 |
_aCO-CtgCURN _bspa _ccoctgcurn |
||
| 082 | 0 |
_aBAC 2017 _bA719 |
|
| 100 | 1 | _aAriza Díaz, Ireyin Lauren. | |
| 245 | 1 | 0 |
_aDeterminación de niveles de inmunoglobulina a salival en niños con y sin caries de la ciudad de cartagena de indias en el año 2017 / _cIreyin Lauren Ariza Díaz; Ruth Elena Paba Florez; Katerine Herrera Rivera; Directora: Doris Olier Castillo. |
| 260 |
_aCartagena de Indias : _bCorporación Universitaria Rafael Nuñez, _c2017. |
||
| 504 | _aTrabajo de grado (Bacteriologia). Corporación Universitaria Rafael Nuñez. Facultad de Ciencias de la Salud. Bacteriologia 2017. | ||
| 650 | 0 |
_aBacteriologia _vTesis y disertaciones academicas. |
|
| 700 | 1 | _aPaba Florez, Ruth Elena. | |
| 700 | 1 | _aHerrera Rivera, Katerine. | |
| 700 | 1 |
_aOlier Castillo, Doris, _eDirectora. |
|
| 856 |
_uhttps://unicurn.sharepoint.com/:b:/s/biblioteca/EUjI9nwVkLVDpFKPMozmTqUBnAbK-5aCMIG4oSQOqG3Yug?e=sCWmtK _zClick aqui para ver el recurso en texto completo |
||
| 942 |
_2ddc _cTG _hBAC 2017 _iA719 |
||
| 999 |
_c3045 _d3045 |
||